Základy finančního práva

Podrobná bibliografia
Hlavný autor: Bakeš, Milan (Autor)
Médium: Kniha
Jazyk:čeština
Fyzický popis:203 s. 28 cm
Vydavateľské údaje: Praha Vysoká škola Sboru národní bezpečnosti 1987
Predmet:

MARC

LEADER 00000nam a2200000 a 4500
001 vtls001365074
003 SK-MaSNL
005 20260301010825.0
008 240315s1987 xr r 0 cze
020 |c b.c. 
035 |a SNK000318727 
040 |a SNK  |b slo  |c SNK  |e AACR2 
041 0 |a cze 
044 |a CZ 
080 |a 347.73(075.8)  |2 1981 
100 1 |a Bakeš, Milan  |4 aut  |9 293246 
245 1 |a Základy finančního práva  |c Milan Bakeš 
260 |a Praha  |b Vysoká škola Sboru národní bezpečnosti  |c 1987 
300 |a 203 s.  |c 28 cm 
650 0 7 |a právo finančné  |x učebnice vysokoškolské  |2 SNK  |9 293247 
958 |a OND 
999 |c 549171  |d 551101 
952 |t P60, <04>, [BOOK], {604}  |a SNK  |b SNK  |y VYP  |7 0  |p 17A0194421  |o snkSB 38871 D1  |i snkD 800/99  |0 0  |1 0  |4 0  |d 1999-06-04  |l 0  |r 2005-01-02 00:00:00  |w 2026-02-23 
952 |t P60, <03>, [BOOK], {603}  |a SNK  |b SNK  |y PREZ  |7 0  |p 17A0194422  |o snkSB 38871  |i snkD 799/99  |0 0  |1 0  |4 0  |d 1999-10-08  |f 1  |l 0  |r 2025-04-23 00:00:00  |w 2026-02-23